Youth leaders' handbook / (Record no. 1849)
[ view plain ]
| 000 -LEADER | |
|---|---|
| fixed length control field | 00698nam a2200229Ia 4500 |
| 001 - CONTROL NUMBER | |
| control field | 7445792 |
| 003 - CONTROL NUMBER IDENTIFIER | |
| control field | OSt |
| 005 - DATE AND TIME OF LATEST TRANSACTION | |
| control field | 20180921152844.0 |
| 008 - FIXED-LENGTH DATA ELEMENTS--GENERAL INFORMATION | |
| fixed length control field | 810526s1958 ilu 000 0 eng d |
| 040 ## - CATALOGING SOURCE | |
| Original cataloging agency | IHT |
| Transcribing agency | IHT |
| Modifying agency | BSC |
| 082 ## - DEWEY DECIMAL CLASSIFICATION NUMBER | |
| Classification number | 259 |
| Item number | H7167Y |
| 092 ## - LOCALLY ASSIGNED DEWEY CALL NUMBER (OCLC) | |
| Classification number | 259.23 |
| Item number | H716y |
| 100 1# - MAIN ENTRY--PERSONAL NAME | |
| Personal name | Hoglund, Gunnar. |
| 245 10 - TITLE STATEMENT | |
| Title | Youth leaders' handbook / |
| Statement of responsibility, etc. | by Gunnar Hoglund and Virginia Grabill. |
| 260 ## - PUBLICATION, DISTRIBUTION, ETC. | |
| Place of publication, distribution, etc. | Wheaton, IL : |
| Name of publisher, distributor, etc. | Miracle Books ; |
| Place of publication, distribution, etc. | Grand Rapids : |
| Name of publisher, distributor, etc. | distributed by Zondervan, |
| Date of publication, distribution, etc. | 1958. |
| 300 ## - PHYSICAL DESCRIPTION | |
| Extent | 185 p. ; |
| Dimensions | 21 cm. |
| 650 #0 - SUBJECT ADDED ENTRY--TOPICAL TERM | |
| Topical term or geographic name entry element | Christian education of teenagers. |
| 650 #0 - SUBJECT ADDED ENTRY--TOPICAL TERM | |
| Topical term or geographic name entry element | Church work with youth. |
| 650 #0 - SUBJECT ADDED ENTRY--TOPICAL TERM | |
| Topical term or geographic name entry element | Church work with teenagers. |
| 700 1# - ADDED ENTRY--PERSONAL NAME | |
| Personal name | Grabill, Virginia. |
| 942 ## - ADDED ENTRY ELEMENTS (KOHA) | |
| Source of classification or shelving scheme | Dewey Decimal Classification |
| Koha item type | Books |
| Withdrawn status | Lost status | Source of classification or shelving scheme | Damaged status | Not for loan | Collection code | Home library | Current library | Shelving location | Date acquired | Total Checkouts | Full call number | Barcode | Date last seen | Price effective from | Koha item type |
|---|---|---|---|---|---|---|---|---|---|---|---|---|---|---|---|
| Dewey Decimal Classification | Non-fiction | Harvest Mission College | Harvest Mission College | General Stacks | 21.09.2018 | 259 H7167Y | 001993 | 21.09.2018 | 21.09.2018 | Books |
